000 00717nam a2200205 a 4500
003 0
005 20250220122740.0
008 111115s19uu xx 00 eng d
050 _aPGS TP 936.B59
_b.T136 2011
100 _aTakezawa, Shainaz Yuriko P.
245 _aThe use of Bixa orellana as an alternative dye /
_cShainaz Yuriko P. Takezawa.
260 _aLas PiƱas City, Philippines :
_bSouthville International School and Colleges,
_c2011.
300 _a19 pages :
_billustrations ;
_c28 cm.
504 _aIncludes bibliographical references.
650 _aBixa orellana
_vIndustrial applications
650 _aDye plants.
650 _aNatural dyes.
650 _aEco-friendly dyes.
942 _2lcc
_cPASS
999 _c98683
_d98683